[Event "Sachsen-Anhalt Landesliga-B 1920"]
[Site "Sachsen Anhalt"]
[Date "2019.09.29"]
[Round "1.5"]
[White "Windolf, Mario"]
[Black "Greim, Marcel"]
[Result "1/2-1/2"]
[WhiteElo "1806"]
[BlackElo "1750"]
[PlyCount "29"]
[EventDate "2019.09.29"]
[EventType "team-tourn"]
[EventRounds "9"]
[EventCountry "GER"]
[SourceTitle "EXT 2023"]
[Source "ChessBase"]
[SourceDate "2022.10.05"]
[SourceVersion "1"]
[SourceVersionDate "2022.10.05"]
[SourceQuality "1"]
[WhiteTeam "Anhalt"]
[BlackTeam "Zeitz Motor"]
[WhiteTeamCountry "GER"]
[BlackTeamCountry "GER"]

1. Nf3 Nf6 2. c4 g6 3. Nc3 d5 4. e3 Bg7 5. d4 0-0 6. cxd5 Nxd5 7. Qb3 Nxc3 8. bxc3 c5 9. Be2 Nc6 10. 0-0 cxd4 11. cxd4 Na5 12. Qb4 Nc6 13. Qb3 Na5 14. Qb4 Nc6 15. Qb3 1/2-1/2

[Event "Leipzig VfB op 15th"]
[Site "Leipzig"]
[Date "2008.03.01"]
[Round "7"]
[White "Schmiedek, Jens"]
[Black "Greim, Marcel"]
[Result "1-0"]
[WhiteElo "1809"]
[BlackElo "1555"]
[PlyCount "65"]
[EventDate "2008.02.26"]
[EventType "swiss"]
[EventRounds "9"]
[EventCountry "GER"]
[SourceTitle "CBM 123 Extra"]
[Source "ChessBase"]
[SourceDate "2008.05.06"]
[SourceVersion "1"]
[SourceVersionDate "2008.05.06"]
[SourceQuality "1"]

1. e4 e5 2. Nf3 Nc6 3. Bc4 Bc5 4. Nc3 Nf6 5. d3 d6 6. h3 a6 7. a3 h6 8. 0-0 Be6 9. Nd5 Na5 10. Nxf6+ gxf6 11. Bxe6 fxe6 12. b4 Ba7 13. bxa5 Qe7 14. Be3 Bxe3 15. fxe3 0-0-0 16. Nd2 Rhg8 17. Qf3 Rg6 18. Rf2 Rdg8 19. Kh1 Rg3 20. Qxf6 Qxf6 21. Rxf6 Rxg2 22. Rf8+ Kd7 23. Rxg8 Rxg8 24. Rg1 Rf8 25. Kg2 Kc6 26. c4 b6 27. axb6 cxb6 28. Nf3 b5 29. cxb5+ Kxb5 30. Rb1+ Ka5 31. Nd2 d5 32. Rb4 dxe4 33. Nb3# 1-0

[Event "Leipzig VfB op 15th"]
[Site "Leipzig"]
[Date "2008.02.28"]
[Round "4"]
[White "Bannon, Senan MW"]
[Black "Greim, Marcel"]
[Result "1-0"]
[WhiteElo "1452"]
[BlackElo "1555"]
[PlyCount "77"]
[EventDate "2008.02.26"]
[EventType "swiss"]
[EventRounds "9"]
[EventCountry "GER"]
[SourceTitle "CBM 123 Extra"]
[Source "ChessBase"]
[SourceDate "2008.05.06"]
[SourceVersion "1"]
[SourceVersionDate "2008.05.06"]
[SourceQuality "1"]

1. e4 e5 2. Nf3 Nc6 3. Bc4 Bc5 4. c3 Nf6 5. d3 a6 6. b4 Ba7 7. Be3 Bxe3 8. fxe3 d6 9. 0-0 Bg4 10. Nbd2 Qe7 11. a4 0-0 12. Qe1 Qd7 13. Nh4 Ne7 14. Ndf3 Be6 15. Ba2 a5 16. b5 c6 17. c4 Qc7 18. Ng5 Bd7 19. Qg3 Ng6 20. Nxg6 fxg6 21. c5+ d5 22. b6 Qb8 23. exd5 cxd5 24. e4 Bc6 25. Qh4 h6 26. Ne6 g5 27. Qg3 Rf7 28. h4 g4 29. Rxf6 Rxf6 30. exd5 Bd7 31. Qxg4 Bxe6 32. dxe6 Kh8 33. Qh5 Qf8 34. Qxe5 Qe7 35. d4 Raf8 36. Qd6 Re8 37. Qd7 Rff8 38. d5 Rf5 39. d6 1-0

[Event "Leipzig VfB op 14th"]
[Site "Leipzig"]
[Date "2007.03.22"]
[Round "4"]
[White "Greim, Marcel"]
[Black "Lehmann, Lothar"]
[Result "0-1"]
[WhiteElo "1507"]
[BlackElo "1996"]
[PlyCount "82"]
[EventDate "2007.03.20"]
[EventType "swiss"]
[EventRounds "9"]
[EventCountry "GER"]
[SourceTitle "EXT 2008"]
[Source "ChessBase"]
[SourceDate "2007.11.25"]
[SourceVersion "1"]
[SourceVersionDate "2007.11.25"]
[SourceQuality "1"]

1. e4 c5 2. Nf3 d6 3. d4 cxd4 4. Nxd4 Nf6 5. Nc3 a6 6. Bg5 e6 7. f4 Be7 8. Qf3 Qc7 9. 0-0-0 Nbd7 10. g4 b5 11. Bxf6 Nxf6 12. g5 Nd7 13. f5 Bxg5+ 14. Kb1 Ne5 15. Qh5 Bf6 16. Nxe6 Bxe6 17. fxe6 Rc8 18. exf7+ Qxf7 19. Qxf7+ Nxf7 20. Bh3 Rc5 21. Rd5 Bxc3 22. Rxc5 dxc5 23. bxc3 Ke7 24. Rd1 Rd8 25. Rxd8 Kxd8 26. Kb2 Kc7 27. Kb3 Ne5 28. Be6 Nf3 29. Bg8 h6 30. Bh7 Nxh2 31. c4 g5 32. cxb5 axb5 33. c4 b4 34. Kc2 Kd6 35. Kd3 Ke5 36. Ke3 Ng4+ 37. Kf3 Nf6 38. Bf5 h5 39. Ke3 g4 40. Kd3 h4 41. Ke3 h3 0-1

[Event "Leipzig VfB op 14th"]
[Site "Leipzig"]
[Date "2007.03.21"]
[Round "3"]
[White "Schuetzhold, Frank"]
[Black "Greim, Marcel"]
[Result "1/2-1/2"]
[WhiteElo "1957"]
[BlackElo "1507"]
[PlyCount "35"]
[EventDate "2007.03.20"]
[EventType "swiss"]
[EventRounds "9"]
[EventCountry "GER"]
[SourceTitle "EXT 2008"]
[Source "ChessBase"]
[SourceDate "2007.11.25"]
[SourceVersion "1"]
[SourceVersionDate "2007.11.25"]
[SourceQuality "1"]

1. b3 d5 2. Bb2 c5 3. e3 a6 4. f4 Nc6 5. Be2 Bf5 6. Nf3 e6 7. d3 Nf6 8. Nh4 Bg6 9. Nxg6 hxg6 10. Nd2 Nh5 11. Nf3 d4 12. Qd2 Qd6 13. Bc1 Be7 14. e4 e5 15. fxe5 Nxe5 16. Nxe5 Qxe5 17. Bxh5 Rxh5 18. Qf4 1/2-1/2